000
00286nam a2200133Ia 4500
100
_a
Jarapkar
650
_a
General
942
_c
BK
654
_a
Shivan sastra part I
245
_a
Shivan sastra part I
260
_b
Navneet publication
_a
Mumbai
300
_a
200
546
_a
MARATHI
999
_c
32972
_d
32972